| 000 | 00499nam a22001937a 4500 | ||
|---|---|---|---|
| 003 | OSt | ||
| 005 | 20140310182159.0 | ||
| 008 | 130611t xxu||||| |||| 00| 0 eng d | ||
| 050 |
_aBQ 860 _b.St887 1978 |
||
| 082 |
_aHS 294.363 _bSt7 1978 |
||
| 245 | _aThe story of Buddha / | ||
| 260 |
_aNew Delhi : _bHemkunt Press, _c1978. |
||
| 300 |
_a118 p. : _b(some col.) ill. ; _c21 cm. |
||
| 650 | _aGautama Buddha. | ||
| 650 | _aBuddha. | ||
| 942 |
_2lcc _cBK |
||
| 999 |
_c10156 _d10156 |
||